Quizzes
Events
Quiz Creation
Community
Videos
Private Events
Remove Ads
Sign In
Join for FREE
Feedback
Dark Mode
Quiz Categories
Sports
Geography
Music
Movies
Television
Just For Fun
Miscellaneous
History
Literature
Language
Science
Gaming
Entertainment
Religion
Holiday
For Kids
Quiz Lab
Recent
Popular Today
Quiz Kudos Today
Editor Picks
Curator Picks
Quizzes by...
Day
Popularity
Type
Ratings
Length
Year
Community
Subscriptions
Recent Discussions
Orange Saloon
Badges
Playlists
Quests
Create
Leaderboards
Showdown
Live 5
Trivia Bingo
Activity
Puzzle Library
Sporcle Events
Private Events
Virtual Trivia
Globe League
Become a Host
Pub Owners
SporcleCon
Opinionation
Our Games
Videos
Blog
Mobile Apps
Partnerships
Remove Ads and Go Orange
Feedback
Gaming
Video Games
Board Games
Card Games
Pokémon
Mario
Nintendo
Minecraft
Console
Toys
Legend of Zelda
Gaming
Video Games
Board Games
Card Games
Pokémon
Mario
Nintendo
Minecraft
Console
Toys
Legend of Zelda
Random Quiz
Search Sporcle
×
Quiz Lab
Quiz Lab
Gaming
Pokémon
Type in answers that appear in a list
Type in answers that appear in a list
Classic
Best Score? Go Orange.
Level up Pokémon Moves (Ruby/Sapphire) Stats
Can you name the Level up Pokémon Moves (Ruby/Sapphire)?
By
thansandman
15m
93 Questions
154 Plays
154 Plays
154 Plays
Comments
Comments
Give Quiz Kudos
Give Quiz Kudos
-
- Ratings
hide this ad
Replay
Link that replays current quiz
Next Quiz
Link to next quiz in quiz playlist
You Got
0%
They Got
Avg Score
61%
Avg Friend Score
Upgrade to see
Score Distribution
Jump to the score distribution portion of the page
Score
0/93
Timer
15:00
0
Plays Today
Pokémon
Move
% Correct
Grovyle
Leaf Blade
85.7%
Blaziken
Blaze Kick
85.7%
Marshtomp
Muddy Water
84.4%
Makuhita
Arm Thrust
78.6%
Seviper
Poison Tail
77.9%
Cacnea
Needle Arm
77.3%
Castform
Weather Ball
77.3%
Camerupt
Eruption
76.6%
Wailmer
Water Spout
76%
Bagon
Dragon Claw
75.3%
Butterfree
Silver Wind
74.7%
Spheal
Ice Ball
74.7%
Latias
Mist Ball
74.7%
Castform
Hail
74%
Vulpix
Will-o-Wisp
73.4%
Slakoth
Slack Off
73.4%
Jirachi
Doom Desire
72.1%
Spinda
Teeter Dance
71.4%
Combusken
Bulk Up
70.1%
Skitty
Assist
70.1%
Zubat
Poison Fang
69.5%
Spearow
Aerial Ace
68.8%
Ekans
Stockpile
68.8%
Ekans
Swallow
68.8%
Ekans
Spit Up
68.8%
Psyduck
Water Sport
68.8%
Geodude
Mud Sport
68.8%
Latios
Luster Purge
68.8%
Deoxys
Psycho Boost
68.8%
Ponyta
Bounce
68.2%
Shellder
Icicle Spear
68.2%
Pokémon
Move
% Correct
Volbeat
Tail Glow
68.2%
Mantine
Water Pulse
66.9%
Zubat
Astonish
66.2%
Dewgong
Sheer Cold
66.2%
Makuhita
Smellingsalt
66.2%
Zangoose
Crush Claw
66.2%
Baltoy
Rock Tomb
66.2%
Zubat
Air Cutter
65.6%
Charizard
Heat Wave
64.3%
Haunter
Shadow Punch
64.3%
Dewgong
Signal Beam
63.6%
Lotad
Nature Power
63.6%
Hitmonchan
Sky Uppercut
63%
Nuzleaf
Extrasensory
63%
Krabby
Mud Shot
62.3%
Geodude
Rock Blast
61%
Magnemite
Metal Sound
61%
Mr. Mime
Magical Leaf
61%
Alakazam
Calm Mind
61%
Nidoqueen
Superpower
60.4%
Meowth
Fake Out
60.4%
Vileplume
Aromatherapy
59.1%
Pidgey
Featherdance
58.4%
Slowpoke
Yawn
58.4%
Horsea
Dragon Dance
58.4%
Voltorb
Charge
57.8%
Clefairy
Cosmic Power
57.1%
Clefairy
Meteor Mash
57.1%
Scizor
Iron Defense
57.1%
Murkrow
Taunt
57.1%
Sandshrew
Sand Tomb
56.5%
Pokémon
Move
% Correct
Kadabra
Trick
56.5%
Sunflora
Bullet Seed
56.5%
Vigoroth
Focus Punch
55.8%
Nidoran♀
Helping Hand
54.5%
Vulpix
Grudge
54.5%
Staryu
Camouflage
54.5%
Houndour
Howl
53.9%
Nuzleaf
Torment
53.9%
Hitmonlee
Brick Break
53.2%
Vulpix
Imprison
52.6%
Jigglypuff
Hyper Voice
52.6%
Doduo
Uproar
52.6%
Roselia
Grasswhistle
51.9%
Grimer
Memento
50.6%
Tangela
Ingrain
50.6%
Togepi
Wish
50%
Spoink
Magic Coat
50%
Machop
Revenge
49.4%
Beedrill
Endeavor
48.1%
Farfetch'd
Knock Off
48.1%
Snorlax
Block
45.5%
Jynx
Fake Tears
44.8%
Shuppet
Snatch
42.9%
Kadabra
Role Play
42.2%
Nidoran♀
Flatter
40.9%
Tangela
Tickle
40.3%
Growlithe
Odor Sleuth
39.6%
Snorlax
Covet
39.6%
Lickitung
Refresh
39%
Mr. Mime
Recycle
39%
Clefairy
Follow Me
35.7%
Quiz Playlist
Details
Report
Send in Message
Add To Playlist
Classic:
Type in answers that appear in a list
Quiz Source
Last Updated: Feb 16, 2017
Quiz Scoreboard
CHALLENGE
Sign Up to Join the Scoreboard
Show All
Scores
Hide
Comments
May contain spoilers
Recently Published
An Introduction to Baseball
by treessimontrees
Sports
5m
Movies - When Are They Set?
by FPL_Elf
Movies
5m
Popular People in 1961
by mucciniale
History
6m
More to Explore
Quiz From the Vault
Featured Blog Post
Where Did the Easter Bunny Come From?
hide this ad
You Might Also Like...
Tags
Pokémon Quiz
Level
Ruby
Today's Top Quizzes in Gaming
Browse Gaming
hide this ad
Today's Top Quizzes in Pokémon
Browse Pokémon
Top Contributed Quizzes in Gaming
1
Destiny 2 exotic weapons by perk icons
2
5-to-1: Consoles
3
Ultimate Genshin Impact Logic Puzzle (up to 4.3)
4
7-to-1: Board Game Piece Blitz
5
5-to-1: Legend of Zelda
6
Franchise by Action Figure
7
Who's on the WWE 2K24 Cover?
8
Windmill: Pokémon
9
Genshin Impact Logic Puzzle Quiz
10
Legendary or Exotic?
Explore More
Trending Topics
Anime
NBA
Marvel
Disney
Kpop
Harry Potter
Crossword
Puzzle
The Office
Country
WWE
NFL
Song
Pokémon
Soccer
hide this ad
More By:
thansandman
Quiz
Plays
Rating
Category
Featured
Created
Level Up Pokémon Moves (Red/Blue)
562
4.00
Gaming
Apr 28, 2010
League of Legends Abilities A-M
298
2.50
Gaming
Jan 12, 2011
League of Legends Champion Abilities M-Z
190
3.00
Gaming
Jan 13, 2011
Level up Pokémon Moves (Gold/Silver)
164
Gaming
Apr 28, 2010
Level up Pokémon Moves (Ruby/Sapphire)
154
4.50
Gaming
Apr 28, 2010
Go to Creator's Profile
Score Distribution
Quiz Creator Spotlight
thansandman
Follow
Send a Message
Quizzes Created
-
Created Quiz Play Count
-
More By This Creator
Popular Quizzes Today
1
Find the Countries of Europe - No Outlines Minefield
2
Find the US States - No Outlines Minefield
3
The Countries of the World
4
Popular People in 1961
5
US States
6
Find the US States
7
1-10 Letter E Words III
8
Risky Map Clicking: Biggest States A-Z
More Gaming Quizzes
Phonetics to Images: Video Games
Curator's Pick
Trending Quizzes
Risky Map Clicking: Least Populous States A-Z
1-10 Letter F Words
1-10 Letter G Words
One Thing in Common: United Kingdom
Risky Map Clicking: Next State Alphabetically
Recently Updated
Leaping Animals
pecheneg
Reality TV Shows (A-Z)
bhenderson79
Rickey Henderson's Hall of Fame Teammates
pecheneg
Champions League XIs: Arsenal
pecheneg
Quick Pick: Celebrities in WWE's Hall of Fame
aduchscher
A-Z Keypad Blitz II
pecheneg
Multiple Oscar Actors
pecheneg
Mystery Phrase Blitz: Oscar 'Best Actors'
pecheneg
F. Scott Fitzgerald Novels
LTH
Pick 3 Villains
ddd62291
Trending Topics
Harry Potter
Disney
Marvel
Anime
Kpop
NBA
Crossword
WWE
NFL
Song
Pokémon
Soccer
Puzzle
The Office
Country
Your Account Isn't Verified!
In order to create a playlist on Sporcle, you need to verify the email address you used during registration. Go to your
Sporcle Settings
to finish the process.
Report this User
Report this user for behavior that violates our
Community Guidelines
.
Details:
Send Report
Go to the Sporcle.com Mobile Site →
Comments